ITA-Duques de Parma - Estadísticas

Estadísticas generales
  • Esta prueba ha sido intentada 4 veces
  • La puntuación promedio es 9 de 23
Estadísticas de respuestas
Período Nombre del Duque % Correcto
1731-1735 Carlos I
100%
1735-1740 Carlos II
100%
1847-1849 Carlos II
100%
1849-1854 Carlos III
100%
Duque de Plasencia Charles-François Lebrun
100%
Duque de Parma Jean-Jacques-Régis de Cambacérèrs
100%
1748-1765 Felipe I
75%
1694-1727 Francisco I
50%
1814-1847 María Luisa
50%
1622-1646 Eduardo I
25%
1907-1939 Enrique I
25%
1939-1947 José I
25%
1545-1547 Pedro Luis
25%
1586-1592 Alejandro I
0%
1727-1731 Antonio I
0%
1765-1802 Fernando I
0%
1740-1748 María Teresa
0%
1547-1586 Octavio I
0%
Duquesa de Guastalla Paulina Bonaparte
0%
1592-1622 Ranuccio I
0%
1646-1694 Ranuccio II
0%
1854-1859 Roberto I
0%
1859-1907 Roberto I
0%
No se encontraron pruebas coincidentes
Distribución de puntuación
Porcentaje de gente con cada puntuación
Porcentaje por número respondido
Historial de tus puntuaciones
No has intentado esta prueba.